Evolver - 311 - Statistics

General Stats
  • This quiz has been taken 3 times
  • The average score is 6 of 11
Answer Stats
Hint Answer % Correct
3 Crack the Code
100%
1 Creatures (For a While)
100%
2 Reconsider Everything
100%
5 Beyond the Gray Sky
50%
9 Don't Dwell
50%
8 Give Me a Call
50%
4 Same Mistake Twice
50%
11 Sometimes Jacks Rule the Realm
50%
7 Still Dreaming
50%
10 Other Side of Things
0%
6 Seems Uncertain
0%
No matching quizzes found
Score Distribution
Percent of People with Each Score
Percentile by Number Answered
Your Score History
You have not taken this quiz